| 000 | 00972nam a2200229Ia 4500 | ||
|---|---|---|---|
| 003 | Ost | ||
| 005 | 20260507075652.0 | ||
| 008 | 260507s9999||||xx |||||||||||||| ||und|| | ||
| 040 | _cfsecg | ||
| 041 | _aara | ||
| 082 | _a658.404 | ||
| 100 |
_aخواجكية، محمد هشام _eمؤلف |
||
| 245 | 0 |
_aدليل إعداد وتقييم دراسات الجدوى للمشروعات الصناعية / _c محمد هشام خواجكية |
|
| 260 |
_aعمان: _bدار الثقافة للنشر والتوزيع, _c2004 |
||
| 300 |
_a558 صفحة؛ _bإيضاحات ؛ _c25 سم |
||
| 520 | _aمراحل دورة المشروع- دراسة الجدوى الإقتصادية والفنية- دراسة الجدوى الإقتصادية والفنية. | ||
| 653 | _aالجدوى الإقتصادية | ||
| 653 | _aالمشاريع الإقتصادية | ||
| 653 | _aالمشروعات الصناعية | ||
| 653 | _aدراسات الجدوى | ||
| 942 | _cكتاب | ||
| 999 |
_c45622 _d45622 |
||